00644 2200253 4500001002100000005001700021008004100038035002400079082001100103090001600114245005600130250001100186260003100197300001900228650003500247700001400282850001500296980001300311985000600324999001500330990001500345990001500360990001500375YOGYA-0209000003052920090227024502.0 ind  0010-020900000030529 a574.07 a574.07bEva aEVALUASI belajar biologi SMAcIrwansyah ...[et.al.] aCet. 1 aJakartabAksara Baruc1987 a144 hlmc21 cm aBiologi - Studi dan pengajaran aIrwansyah aYOPDYOG(B) a12-07-06 a1 a97P0093598 a93600-P/97 a93598-P/97 a93599-P/97